Normal view
MARC view
- 1. Micro air vehicles.2. Reconnaissance aircraft.
Entry Topical Term
001 - CONTROL NUMBER
- control field: 1727
003 - CONTROL NUMBER IDENTIFIER
- control field: NUST
005 - DATE AND TIME OF LATEST TRANSACTION
- control field: 20170531120358.0
008 - FIXED-LENGTH DATA ELEMENTS
- fixed length control field: 170531|| aca||aabn | a|a d
040 ## - CATALOGING SOURCE
- Original cataloging agency: NUST
- Transcribing agency: NUST
150 ## - HEADING--TOPICAL TERM
- Topical term or geographic name entry element: 1. Micro air vehicles.2. Reconnaissance aircraft.
670 ## - SOURCE DATA FOUND
- Source citation: Work cat.: (NUST)23679: HB,p.cm 287p ---(ALAA Education Series) 1726, Introduction to the Design of Fixed-Wing Micro Air Vehicles Including Three Case Studies , c2007
